[Event "Mayors Cup Open"]
[Site "Mumbai IND"]
[Date "2008.05.13"]
[Round "4"]
[White "Hegde,N"]
[Black "Kiran,M"]
[Result "1-0"]
[WhiteElo "2054"]
[BlackElo "2316"]

1.e4 c5 2.Nf3 Nc6 3.d4 cxd4 4.Nxd4 Nf6 5.Nc3 d6 6.Bg5 e6 7.Qd2 a6 8.O-O-O Bd7
9.f4 b5 10.Bxf6 gxf6 11.Nxc6 Bxc6 12.Qe1 Ra7 13.Bd3 Qb6 14.Kb1 b4 15.Ne2 a5
16.Qh4 Be7 17.f5 e5 18.Ng3 a4 19.Bc4 Qc5 20.b3 axb3 21.Bxb3 Ba4 22.Rd2 Qc3
23.Rhd1 Bxb3 24.cxb3 Kd7 25.Rc2 Qe3 26.Nh5 Qh6 27.Qf2 Rha8 28.g4 Bd8 29.h4 Rc7
30.Rxc7+ Bxc7 31.Qe2 Ra5 32.Qc4 Kd8 33.Qxf7 Qe3 34.Qg8+ Kd7 35.Nxf6+ Kc6
36.Rc1+ Kb7 37.Qc4 Rc5 38.Qxb4+ Ka7 39.Rxc5 dxc5 40.Qa4+ Kb7 41.Qb5+ Ka7
42.Qc4 Ba5 43.Nd5 Qe1+ 44.Kb2 Bb4 45.Nxb4 cxb4  1-0

[Event "Mayors Cup Open"]
[Site "Mumbai IND"]
[Date "2008.05.13"]
[Round "4"]
[White "Sahoo,U"]
[Black "Joshi,P"]
[Result "1/2-1/2"]
[WhiteElo "2004"]
[BlackElo "2284"]

1.e4 c5 2.Nf3 d6 3.d4 cxd4 4.Nxd4 Nf6 5.Nc3 Nc6 6.Bg5 e6 7.Qd2 Be7 8.O-O-O O-O
9.f4 h6 10.Bxf6 Bxf6 11.Ndb5 Qa5 12.Nxd6 Rd8 13.Kb1 Be7 14.e5 f6 15.Qc1 fxe5
16.Nc4 Qc7 17.Nb5 Rxd1 18.Qxd1 Qb8 19.fxe5 a6 20.Nbd6 b5 21.Qf3 Bd7 22.Qf7+ Kh8
23.Na5 Bxd6 24.Nxc6 Bxc6 25.exd6 Qxd6 26.Bd3 Be8 27.Qf3 Ra7 28.Qe4 g6 29.Re1 Re7
30.h4 Kg7 31.g4 e5 32.h5 Re6 33.Qb7+ Qe7 34.Qh1 e4 35.Rxe4 Rxe4 36.Bxe4 gxh5
37.gxh5 Bxh5 38.Qg1+ Kf8 39.Qf2+ Bf7 40.Bg6 Kg7 41.Bxf7 Qxf7 42.Qg3+ Qg6
43.Qe5+ Kf7 44.Qf4+ Ke6 45.Qe3+ Kf5 46.Qd3+ Kf6 47.Qd6+ Kf5 48.Qd3+ Kf6  1/2-1/2

[Event "Mayors Cup Open"]
[Site "Mumbai IND"]
[Date "2008.05.13"]
[Round "4"]
[White "Vishnu,S"]
[Black "Bartakke,A"]
[Result "0-1"]
[WhiteElo "1931"]
[BlackElo "2194"]

1.e4 c5 2.Nf3 d6 3.d4 cxd4 4.Nxd4 Nf6 5.Nc3 Nc6 6.Bg5 Qb6 7.Nb3 e6 8.Qd2 Be7
9.Bxf6 gxf6 10.Nb5 Ne5 11.f4 Ng6 12.h4 Bd7 13.Na3 Bc6 14.Nc4 Qc7 15.h5 Nf8
16.Nd4 O-O-O 17.O-O-O d5 18.exd5 Bxd5 19.Rh3 Bxc4 20.Bxc4 Kb8 21.Rd3 Nd7
22.Nxe6 fxe6 23.Rxd7 Qxc4 24.Qe3 Rxd7 25.Rxd7 Rd8 26.Rxd8+ Bxd8 27.Qg3 Bb6
28.b3  0-1

[Event "Kaupthing Open"]
[Site "Differdange LUX"]
[Date "2008.05.14"]
[Round "6"]
[White "Grover,S"]
[Black "Dembo,Y"]
[Result "0-1"]
[WhiteElo "2300"]
[BlackElo "2429"]

1.e4 c5 2.Nf3 Nc6 3.d4 cxd4 4.Nxd4 Nf6 5.Nc3 d6 6.Bg5 e6 7.Qd2 a6 8.O-O-O h6
9.Bh4 Nxe4 10.Qf4 Ng5 11.Nxc6 bxc6 12.Ne4 d5 13.Bxg5 hxg5 14.Nxg5 Ra7 15.h4 Qd6
16.Qe3 Qc5 17.Qd2 Qb6 18.Rh3 a5 19.Rb3 Qc7 20.Qd4 f6 21.Nf3 Bd6 22.Bd3 a4
23.Bg6+ Ke7 24.Rc3 Ra5 25.Qg4 Rc5 26.Bf5 g5 27.Rxc5 Bxc5 28.Re1 Qf4+ 29.Kb1 Qxg4
30.Bxg4 Bxf2 31.Re2 Bc5  0-1

[Event "Mayors Cup Open"]
[Site "Mumbai IND"]
[Date "2008.05.14"]
[Round "5"]
[White "Ramesh,R"]
[Black "Ramakrishna,J"]
[Result "1/2-1/2"]
[WhiteElo "2472"]
[BlackElo "2300"]

1.e4 c5 2.Nf3 d6 3.d4 cxd4 4.Nxd4 Nf6 5.Nc3 Nc6 6.Bg5 Bd7 7.Qd2 Rc8 8.O-O-O Nxd4
9.Qxd4 Qa5 10.Bd2 e5 11.Qe3 a6 12.Kb1 Be6 13.a3 Be7 14.Qd3 Qc7 15.Be2 O-O
16.Bg5 Rfd8 17.h4 d5 18.Bxf6 dxe4 19.Qxe4 Bxf6 20.Bg4 Bxg4 21.Qxg4 Rd4 22.Qe2 Rxh4
23.Rxh4 Bxh4 24.g3 Bf6 25.g4 h6 26.Ne4 Be7 27.Nc3 Bg5 28.Rd5 Re8 29.Qe4 g6
30.Rd3 Re6 31.Nd5 Qc5 32.f3 Kg7 33.Rd1 b5 34.Nc3 Rd6 35.Nd5 Re6 36.Nc3 Rd6
37.Nd5 Re6  1/2-1/2

[Event "FSIM May"]
[Site "Budapest HUN"]
[Date "2008.05.15"]
[Round "13"]
[White "Lengyel,B"]
[Black "Sankalp,M"]
[Result "1/2-1/2"]
[WhiteElo "2267"]
[BlackElo "2138"]

1.e4 c5 2.Nf3 d6 3.d4 cxd4 4.Nxd4 Nf6 5.Nc3 Nc6 6.Bg5 e6 7.Bb5 Bd7 8.O-O Be7
9.Be2 a6 10.Nb3 O-O  1/2-1/2

[Event "43rd Capablanca Memorial Open"]
[Site "Havana CUB"]
[Date "2008.05.15"]
[Round "8"]
[White "Prasca Sosa,R"]
[Black "Almeida Quintana,O"]
[Result "0-1"]
[WhiteElo "2392"]
[BlackElo "2527"]

1.e4 c5 2.Nf3 Nc6 3.d4 cxd4 4.Nxd4 Nf6 5.Nc3 d6 6.Bg5 e6 7.Qd2 a6 8.O-O-O Bd7
9.f4 Be7 10.Nf3 b5 11.Bxf6 gxf6 12.Bd3 Qa5 13.Kb1 b4 14.Ne2 Qc5 15.Rhf1 a5
16.Nc1 a4 17.f5 h5 18.Qf2 Ra5 19.b3 Rg8 20.g3 a3 21.Qxc5 Rxc5 22.fxe6 fxe6
23.Be2 f5 24.exf5 Rxf5 25.Nh4 Rxf1 26.Rxf1 Bxh4 27.Bxh5+ Kd8 28.gxh4 Rh8
29.Bf3 Nd4 30.h5 Bb5 31.Rf2 Rf8 32.h6 Rh8 33.Bd1 Rxh6 34.Ne2 Bxe2 35.Bxe2 d5
36.Kc1 e5 37.Kd1 e4 38.Bf1 Ke7 39.h3 Kd6 40.Rf8 Ke5 41.Re8+ Kf4 42.Rd8 Ke3
43.Rg8 Rf6  0-1

[Event "Mayors Cup Open"]
[Site "Mumbai IND"]
[Date "2008.05.15"]
[Round "7"]
[White "Shyam,SM"]
[Black "Ubilava,E"]
[Result "1/2-1/2"]
[WhiteElo "2307"]
[BlackElo "2558"]

1.e4 c5 2.Nf3 d6 3.d4 cxd4 4.Nxd4 Nf6 5.Nc3 Nc6 6.Bg5 e6 7.Qd2 a6 8.O-O-O Bd7
9.Kb1 h6 10.Be3 Be7 11.f3 Rc8 12.g4 Nxd4 13.Bxd4 e5 14.Be3 Be6 15.h4 Qa5
16.Nd5 Qxd2 17.Rxd2 Nxd5 18.exd5 Bd7 19.Bd3 g6 20.c4 f5 21.gxf5 Bxf5 22.Bxf5 gxf5
23.c5 Kd7 24.b4 Rhg8 25.Bxh6 dxc5 26.d6 Bxd6 27.Rhd1 Rg6 28.bxc5 Rxh6 29.Rxd6+ Rxd6
30.Rxd6+ Ke7 31.Rd5 Rh8 32.Rxe5+ Kf6 33.Rd5 Rxh4 34.Kb2 Kg5 35.Rd7 Rb4+ 36.Kc3 Rb5
37.Kd4 Kf4 38.Rf7 b6 39.c6 Rc5 40.c7 a5 41.a4 Kg5 42.Rd7 Kf4 43.Rf7 Kg5 44.Rd7 Kf4  1/2-1/2

[Event "Mayors Cup Open"]
[Site "Mumbai IND"]
[Date "2008.05.15"]
[Round "7"]
[White "Preethi,R"]
[Black "Pratyusha,B"]
[Result "1-0"]
[WhiteElo "2180"]
[BlackElo "1922"]

1.e4 c5 2.Nf3 d6 3.d4 cxd4 4.Nxd4 Nf6 5.Nc3 Nc6 6.Bg5 Bd7 7.Qd2 Nxd4 8.Qxd4 Qa5
9.f4 Rc8 10.O-O-O Qc5 11.Qd2 b5 12.Kb1 e6 13.Bd3 a5 14.Bxf6 gxf6 15.e5 d5
16.exf6 Qb6 17.Rhe1 Kd8 18.Nxd5 exd5 19.Bf5 Bxf5 20.Qxd5+ Kc7 21.Qxf5 Kb8
22.Rd7 Bb4 23.c3 Rhe8 24.Red1 Bc5 25.Rxf7 b4 26.c4 b3 27.axb3 Qxb3 28.Qc2 Qb6
29.Rdd7 Re1+ 30.Ka2 Qc6 31.Qb3+ Ka8 32.Qb7+ Qxb7 33.Rxb7 Bd4 34.Rbd7 Rd1
35.Rfe7 Rd2 36.Rb7 Rf8 37.f7 Bg7 38.g3 Rxh2 39.Rb5 Rd2 40.Rxa5+ Kb8 41.Rg5 Bh6
42.Rh5 Bg7 43.Rxh7 Bf6 44.Re6 Bh8 45.Re8+ Rd8 46.Rxf8 Rxf8 47.g4 Kc7 48.g5 Kd7
49.g6 Ke7 50.g7 Bxg7 51.Rxg7 Kf6 52.Rg2 Rxf7 53.b4 Kf5 54.b5 Rc7 55.Kb3 Kxf4
56.Re2 Kf3 57.Re8 Kf4 58.b6 Rb7 59.c5 Kf5 60.Kb4  1-0

[Event "III President's Cup"]
[Site "Baku AZE"]
[Date "2008.05.16"]
[Round "5"]
[White "Mammadov,A"]
[Black "Mamedov,Nid"]
[Result "0-1"]
[WhiteElo "2333"]
[BlackElo "2577"]

1.e4 c5 2.Nf3 d6 3.d4 cxd4 4.Nxd4 Nf6 5.Nc3 Nc6 6.Bg5 e6 7.Qd2 a6 8.Be2 Bd7
9.O-O h6 10.Be3 Be7 11.a4 O-O 12.f4 Qc7 13.Nb3 b6 14.Rad1 Rfd8 15.Kh1 Be8
16.Bf3 Rab8 17.Qe2 Nb4 18.Bc1 Bf8 19.e5 dxe5 20.fxe5 Nd7 21.Bf4 Nc5 22.Nxc5 Qxc5
23.Be4 Kh8 24.Qf3 Rxd1 25.Rxd1 Bc6 26.Bxc6 Qxc6 27.Qxc6 Nxc6 28.Rd7 Kg8 29.Ne4 b5
30.axb5 Rxb5 31.b3 Rb4 32.c4 Rxb3 33.h4 a5 34.Nd6 a4 35.Rc7 a3 36.Rxc6 a2
37.Ra6 Rb1+ 38.Kh2 a1=Q 39.Rxa1 Rxa1 40.c5 Ra2 41.Be3 h5 42.Bd4 Rc2 43.Kg3 Be7
44.Kf3 Bxh4  0-1

[Event "III President's Cup"]
[Site "Baku AZE"]
[Date "2008.05.16"]
[Round "5"]
[White "Jobava,Ba"]
[Black "Magalashvili,Da"]
[Result "1-0"]
[WhiteElo "2658"]
[BlackElo "2462"]

1.e4 c5 2.Nf3 d6 3.d4 cxd4 4.Nxd4 Nf6 5.Nc3 Nc6 6.Bg5 e6 7.Qd2 Qb6 8.Nb3 a6
9.O-O-O Be7 10.f3 O-O 11.g4 Rd8 12.h4 Qc7 13.Bxf6 Bxf6 14.g5 Be7 15.f4 b5
16.h5 b4 17.Na4 Bd7 18.g6 Na7 19.Qxb4 Rab8 20.Qc3 Qb7 21.gxh7+ Kh8 22.Rg1 Bf6
23.e5 dxe5 24.fxe5  1-0

[Event "43rd Capablanca Memorial Open"]
[Site "Havana CUB"]
[Date "2008.05.16"]
[Round "9"]
[White "Ortiz Suarez,I"]
[Black "Pina Vega,S"]
[Result "1-0"]
[WhiteElo "2405"]
[BlackElo "2279"]

1.e4 c5 2.Nf3 d6 3.d4 cxd4 4.Nxd4 Nf6 5.Nc3 Nc6 6.Bg5 e6 7.Qd2 Be7 8.O-O-O Nxd4
9.Qxd4 O-O 10.f3 a6 11.h4 b5 12.Kb1 Qa5 13.Qd2 b4 14.Ne2 e5 15.Nc1 Be6 16.Bd3 h6
17.g4 Rfd8 18.Bxf6 Bxf6 19.g5 Be7 20.gxh6 g6 21.Rdg1 Kh7 22.Nb3 Qb6 23.f4 exf4
24.Qxf4 Rg8 25.h5 g5 26.e5+ Kxh6 27.Qe4 Rh8 28.Nd4 d5 29.Qe3 Rab8 30.Rg3 Rhg8
31.Rf1 Rg7 32.Rf6+ Bxf6 33.exf6 Rgg8 34.Bg6  1-0

[Event "43rd Capablanca Memorial Open"]
[Site "Havana CUB"]
[Date "2008.05.16"]
[Round "9"]
[White "Aguero,L"]
[Black "Vera Gonzalez Quevedo,R"]
[Result "1/2-1/2"]
[WhiteElo "2344"]
[BlackElo "2497"]

1.e4 c5 2.Nf3 d6 3.d4 cxd4 4.Nxd4 Nf6 5.Nc3 Nc6 6.Bg5 e6 7.Qd2 Be7 8.O-O-O O-O
9.f4 Nxd4 10.Qxd4 Qa5 11.Bc4 Bd7 12.e5 dxe5 13.fxe5 Bc6 14.Bd2 Nd7 15.Nd5 Qd8
16.Nxe7+ Qxe7 17.Rhe1 Rfd8 18.Qg4 Nf8 19.Bf1 Ng6 20.Bc3 Rxd1+ 21.Rxd1  1/2-1/2

[Event "TCh-ISR"]
[Site "Israel ISR"]
[Date "2008.05.16"]
[Round "8"]
[White "Nabaty,T"]
[Black "Karpman,V"]
[Result "1/2-1/2"]
[WhiteElo "2428"]
[BlackElo "2389"]

1.e4 c5 2.Nf3 d6 3.d4 cxd4 4.Nxd4 Nf6 5.Nc3 Nc6 6.Bg5 e6 7.Qd2 Be7 8.O-O-O O-O
9.f3 Nxd4 10.Qxd4 Qa5 11.h4 a6 12.Kb1 b5 13.g4 b4 14.Ne2 e5 15.Qd2 Be6 16.Nc1 Rfd8
17.Bxf6 Bxf6 18.g5 Be7 19.Bh3 Qb5 20.Bxe6 fxe6 21.Nd3 a5 22.f4 exf4 23.Qxf4 Qc4
24.Qg4 e5 25.Rhf1 Qc8 26.Qg2 Qe6 27.Nf2 Rf8 28.Ng4 Rf4 29.Nf6+ Bxf6 30.Rxf4 exf4
31.e5 Re8 32.gxf6 g6 33.Qc6 d5 34.Qc7 Qf7 35.Qxa5 Rxe5 36.Qd8+ Re8 37.Qd6 Re4
38.Qd8+ Re8 39.Qd6 Re4 40.Qd8+  1/2-1/2

[Event "Mayors Cup Open"]
[Site "Mumbai IND"]
[Date "2008.05.17"]
[Round "9"]
[White "Narayanan,Sr"]
[Black "Snehal,B"]
[Result "0-1"]
[WhiteElo "2220"]
[BlackElo "2056"]

1.e4 c5 2.Nf3 d6 3.d4 cxd4 4.Nxd4 Nf6 5.Nc3 Nc6 6.Bg5 e6 7.Qd2 a6 8.O-O-O h6
9.Nxc6 bxc6 10.Bf4 d5 11.Qe3 Be7 12.Be2 O-O 13.exd5 exd5 14.g4 Nh7 15.Kb1 Re8
16.Qd2 Bf6 17.Bd3 Bxg4 18.Rdg1 Bf3 19.Bxh7+ Kxh7 20.Qd3+ Be4 21.Nxe4 dxe4
22.Qh3 Qd5 23.Rd1 Qb5 24.b3 Rad8 25.Qe3 Qb4 26.Rxd8 Rxd8 27.c4 Qc3 28.Qxc3 Bxc3
29.Kc2 Rd3 30.Rd1 Rxd1 31.Kxd1 g5 32.Bd6 Kg6 33.Ke2 Kf5 34.b4 Be5 35.Bxe5 Kxe5
36.a4 f5 37.b5 cxb5 38.cxb5 axb5 39.axb5 f4 40.h3 h5  0-1

[Event "Mayors Cup Open"]
[Site "Mumbai IND"]
[Date "2008.05.18"]
[Round "10"]
[White "Sahoo,U"]
[Black "Vidit,S"]
[Result "1/2-1/2"]
[WhiteElo "2004"]
[BlackElo "2337"]

1.e4 c5 2.Nf3 d6 3.d4 cxd4 4.Nxd4 Nf6 5.Nc3 Nc6 6.Bg5 e6 7.Qd2 Be7 8.O-O-O O-O
9.f4 Nxd4 10.Qxd4 Qa5 11.Bc4 b5 12.Bxb5 Rb8 13.Bc4 h6 14.Bh4 e5 15.Qd3 exf4
16.Bb3 Be6 17.Kb1 Qh5 18.Bf2 a5 19.Bd4 Rb4 20.Ne2 Qg5 21.Bc3 Rb7 22.Bxe6 fxe6
23.Nd4 Rf7 24.Nxe6 Qxg2 25.Nxf4 Qxe4 26.Ng6  1/2-1/2

[Event "Mayors Cup Open"]
[Site "Mumbai IND"]
[Date "2008.05.19"]
[Round "11"]
[White "Kiran,M"]
[Black "Bartakke,A"]
[Result "1/2-1/2"]
[WhiteElo "2316"]
[BlackElo "2194"]

1.e4 c5 2.Nf3 d6 3.d4 cxd4 4.Nxd4 Nf6 5.Nc3 Nc6 6.Bg5 Qb6 7.Be3 Qc7 8.f3 e6
9.Qd2 a6 10.O-O-O Be7 11.Kb1 O-O 12.g4 b5 13.Nxc6 Qxc6 14.Bd3 Bb7 15.h4 Qc7
16.h5 b4 17.Ne2 d5 18.g5 Nxe4 19.Qc1 Ng3 20.Nxg3 Qxg3 21.g6 Bf6 22.Bf4 Qf2
23.Be3 Qg3 24.Bf4 Qf2  1/2-1/2

[Event "XXVII Open"]
[Site "Zalakarosi HUN"]
[Date "2008.05.22"]
[Round "1"]
[White "Kercsmarics,J"]
[Black "Madl,I"]
[Result "0-1"]
[WhiteElo "2087"]
[BlackElo "2379"]

1.e4 c5 2.Nf3 Nc6 3.d4 cxd4 4.Nxd4 Nf6 5.Nc3 d6 6.Bg5 e6 7.Qd2 a6 8.O-O-O Be7
9.f4 Nxd4 10.Qxd4 b5 11.Be2 Bb7 12.Bf3 Rc8 13.e5 Bxf3 14.exf6 gxf6 15.gxf3 Rc4
16.Qa7 fxg5 17.Qxa6 O-O 18.Ne4 d5 19.Rhg1 Qc7 20.Nc3 Qxf4+ 21.Kb1 b4 22.Ne4 Rfc8  0-1

[Event "LXXII ch-CRC Fase 1"]
[Site "Moravia CRC"]
[Date "2008.05.23"]
[Round "7"]
[White "Montenegro,E"]
[Black "Peraza,R"]
[Result "0-1"]
[WhiteElo "2061"]
[BlackElo "2024"]

1.e4 c5 2.Nf3 Nc6 3.d4 cxd4 4.Nxd4 Nf6 5.Nc3 d6 6.Bg5 e6 7.Qd2 a6 8.O-O-O h6
9.Bxf6 Qxf6 10.Bc4 Qxd4 11.Qxd4 Nxd4 12.Rxd4 Be7 13.Rhd1 O-O 14.a4 b6 15.f4 Rb8
16.e5 d5 17.Bb3 Bc5 18.R4d3 b5 19.f5 Be7 20.Ne2 bxa4 21.Bxa4 exf5 22.Nd4 Rb4
23.Bb3 Be6 24.c3 Rc8 25.Kb1 Rb6 26.R1d2 Rcb8 27.Ba2 Ba3 28.b3 a5 29.Kc2 Rc8
30.Kd1 Bf8 31.Ke2 g5 32.Nxe6 fxe6 33.c4 dxc4 34.bxc4 Rc5 35.Re3 Kf7 36.Kf3 Be7
37.Rd7 Rb2 38.Rb3 Rxa2 39.Rbb7 Rxc4 40.Rxe7+ Kg6 41.Rxe6+ Kh5 42.Rbb6 Rc3+  0-1

[Event "XXVII Open"]
[Site "Zalakarosi HUN"]
[Date "2008.05.23"]
[Round "2"]
[White "Bokros,A"]
[Black "Szabo,Ben"]
[Result "1-0"]
[WhiteElo "2452"]
[BlackElo "2216"]

1.e4 c5 2.Nf3 Nc6 3.d4 cxd4 4.Nxd4 Nf6 5.Nc3 d6 6.Bg5 e6 7.Qd2 a6 8.O-O-O Bd7
9.f3 b5 10.Kb1 h6 11.Be3 Ne5 12.Bd3 Qc7 13.Rhe1 b4 14.Nce2 d5 15.exd5 Nxd5
16.Nf4 Nc4 17.Bxc4 Qxc4 18.Nb3 Bc6 19.Na5 Qb5 20.Nxc6 Nc3+ 21.Ka1 Nxd1 22.Nd4 Qd7
23.Qxd1 Rd8 24.Nd3 Bd6 25.Nb3 O-O 26.Bb6 Rb8 27.Ne5 Qb5 28.Qxd6 Rxb6 29.Qd3 Rc8
30.Kb1 a5 31.Qxb5 Rxb5 32.Nd3 a4 33.Nd2 Rd8 34.b3 axb3 35.axb3 Rg5 36.Re2 Rd4
37.Nc4 Rb5 38.Kb2 g5 39.Re5 Rb8 40.Rc5 f6 41.Na5 Rh4 42.h3 h5 43.Nc6 Rb7
44.Ncxb4 g4 45.hxg4 hxg4 46.Rc8+ Kg7 47.Rc4 f5 48.g3 Rh3 49.Nf4 Rh6 50.fxg4 fxg4
51.Nbd3 Kf6 52.Nxe6 Rh3 53.Nef4  1-0

[Event "XXVII Open"]
[Site "Zalakarosi HUN"]
[Date "2008.05.28"]
[Round "7"]
[White "Papp,P"]
[Black "Rapport,R"]
[Result "0-1"]
[WhiteElo "2067"]
[BlackElo "2225"]

1.e4 c5 2.Nf3 Nc6 3.d4 cxd4 4.Nxd4 Nf6 5.Nc3 d6 6.Bg5 e6 7.Qd2 a6 8.O-O-O Bd7
9.f4 b5 10.Bxf6 gxf6 11.Nxc6 Bxc6 12.Qe1 Be7 13.Bd3 Qb6 14.Kb1 Qc5 15.Qg3 Kd7
16.f5 Rag8 17.fxe6+ fxe6 18.Qh3 Rg5 19.g3 h5 20.Rhe1 Qe5 21.Nd5 Bd8 22.c4 Rg4
23.Ne3 Rxe4 24.Bxe4 Bxe4+ 25.Ka1 f5 26.Qf1 Bf6 27.Qf2 Rc8 28.Rc1 b4 29.Ng2 Qa5
30.Qd2 Rc5 31.Rxe4 fxe4 32.Kb1 Bg5 33.Ne3 b3 34.Qxa5 Rxa5 35.Re1 bxa2+ 36.Ka1 Bxe3
37.Rxe3 d5 38.h3 Rc5 39.cxd5 exd5 40.Kxa2 Ke6 41.g4 hxg4 42.hxg4 Ke5 43.Rg3 Kf4
44.Rg1 d4 45.b4 Rc8  0-1

[Event "XVI Lasker Mem Open A"]
[Site "Barlinek POL"]
[Date "2008.06.02"]
[Round "3"]
[White "Hantak,A"]
[Black "Siwiec,A"]
[Result "0-1"]
[WhiteElo "2072"]
[BlackElo "2067"]

1.e4 c5 2.Nf3 d6 3.d4 cxd4 4.Nxd4 Nf6 5.Nc3 Nc6 6.Bg5 e6 7.Qd2 a6 8.O-O-O Bd7
9.f4 Be7 10.Nf3 b5 11.Bxf6 gxf6 12.Bd3 Rc8 13.f5 h5 14.Kb1 Na5 15.b3 Qc7
16.fxe6 fxe6 17.Ne2 Nc4 18.Bxc4 bxc4 19.Nh4 Rg8 20.Nd4 Qc5 21.Rhe1 Rg5 22.Nhf3 c3
23.Qc1 Rxg2 24.Rg1 Rg4 25.h3 Rxe4 26.Rg8+ Kf7 27.Rxc8 Bxc8 28.Rg1 Bf8 29.Rf1 Rxd4
30.Nxd4 Qxd4 31.Qg5 Qe5 32.Qg2 Qc5 33.Qg3 Bb7 34.Rg1 Be4 35.a3 Qxa3 36.Qxc3 Qc5
37.Qg3 Bxc2+ 38.Kb2 Bh7 39.Rc1 Qe5+ 40.Qxe5 dxe5 41.Rc7+ Be7 42.Kc3 f5 43.Ra7 f4
44.Rxa6 f3 45.Ra1 e4 46.Kd2 Bb4+ 47.Ke3 Kf6 48.Rc1 Bf8 49.Rc7 Bf5 50.h4 Bh6+
51.Kf2 e3+ 52.Ke1 Bf4  0-1

[Event "GMB"]
[Site "Sarajevo BIH"]
[Date "2008.06.02"]
[Round "9"]
[White "Atakisi,U"]
[Black "Stojanovic,Da"]
[Result "1/2-1/2"]
[WhiteElo "2365"]
[BlackElo "2496"]

1.e4 c5 2.Nf3 d6 3.d4 cxd4 4.Nxd4 Nf6 5.Nc3 Nc6 6.Bg5 e6 7.Qd2 a6 8.O-O-O Bd7
9.f4 b5 10.Bxf6 gxf6 11.Kb1 b4 12.Nce2 Qb6 13.Nxc6 Bxc6 14.f5 e5 15.Ng3 Qc5
16.Nh5 Ke7 17.Bd3 Rg8 18.Qe2 Bh6 19.Rhe1 a5 20.Bc4 Ra7 21.h4 a4 22.g4 Bf4
23.g5 fxg5 24.f6+ Kf8 25.Ng7 Rxg7 26.fxg7+ Kxg7 27.hxg5 Bxg5 28.Rg1 h6 29.Rg3 Rc7
30.b3 a3 31.Rgd3 Bb5 32.Bxb5 Qxb5 33.c4 bxc3 34.Kc2 Re7 35.Qf3 Re6 36.Rxd6 Rxd6
37.Rxd6 Qc5 38.Rd7 Bf4 39.Qg4+ Kf8 40.Rd8+ Ke7 41.Qd7+ Kf6 42.Qd6+ Qxd6 43.Rxd6+ Ke7
44.Rd3 f5 45.exf5 Kf6 46.Rxc3 Kxf5 47.b4 h5 48.Rxa3 h4 49.Kd1 Kg4 50.Ke2 h3
51.Rb3 h2 52.Rb1 Kg3 53.b5 e4 54.b6 Bd6 55.a4 Bc5 56.a5 Bg1 57.b7 Ba7 58.Rb3+ Kg4
59.Rb1 Kg3 60.Rc1 Kg2 61.Rc8 h1=Q 62.Rg8+ Kh2 63.Rh8+ Kg1 64.Rxh1+ Kxh1 65.a6 Kg2
66.b8=Q Bxb8 67.Ke3 Ba7+ 68.Kxe4  1/2-1/2

[Event "ch-URU"]
[Site "Montevideo URU"]
[Date "2008.06.03"]
[Round "6"]
[White "Donatti,A"]
[Black "Larrea,M"]
[Result "0-1"]
[WhiteElo "2209"]
[BlackElo "2342"]

1.e4 c5 2.Nf3 Nc6 3.d4 cxd4 4.Nxd4 Nf6 5.Nc3 d6 6.Bg5 e6 7.Qd2 a6 8.O-O-O Bd7
9.f4 b5 10.a3 Qb6 11.Nb3 Ng4 12.f5 h6 13.Bf4 Nge5 14.fxe6 fxe6 15.Be2 Be7
16.Bh5+ g6 17.Be2 Nf7 18.h4 Nce5 19.h5 g5 20.Be3 Qc7 21.Rhf1 O-O 22.Nd4 Rab8
23.Nf3 Nc4 24.Bxc4 bxc4 25.Qd4 Qb7 26.Ne2 e5 27.Qc3 Qxe4 28.Ng3 Qc6 29.Qd2 Be6
30.c3 Qa4 31.Ne4 Bf5 32.Nfxg5 Nxg5 33.Nxg5 hxg5 34.Qd5+ Kg7 35.Rxf5 Rxf5
36.Qe6 Rf7 37.h6+ Kf8 38.h7 Kg7 39.Rh1 Qb3 40.h8=Q+ Rxh8 41.Qxf7+ Kxf7 42.Rxh8 Qb7
43.Rh2 Qe4 44.Bd2 g4 45.g3 Qf3 46.Be1 Bg5+  0-1

[Event "TCh-BIH"]
[Site "Neum BIH"]
[Date "2008.06.04"]
[Round "1"]
[White "Sedlak,N"]
[Black "Kozul,Z"]
[Result "1/2-1/2"]
[WhiteElo "2582"]
[BlackElo "2583"]

1.e4 c5 2.Nf3 Nc6 3.d4 cxd4 4.Nxd4 Nf6 5.Nc3 d6 6.Bg5 e6 7.Qd2 a6 8.O-O-O Bd7
9.f3 b5 10.Nxc6 Bxc6 11.Bd3 Be7 12.h4 O-O 13.Kb1 Rc8 14.Ne2 Bb7 15.g4 Nd7
16.Ng3 Ne5 17.f4 Nxd3 18.Bxe7 Qxe7 19.Qxd3 Rfd8 20.g5 Qc7 21.Rh2 Qc4 22.Rhd2 Qxd3
23.Rxd3 d5 24.e5 Rc4 25.Rd4 Rdc8 26.R1d2 Kf8 27.Nf1 Ke7 28.Ne3 Rxd4 29.Rxd4 h6  1/2-1/2

[Event "XXX Nezhmetdinov Mem"]
[Site "Kazan RUS"]
[Date "2008.06.05"]
[Round "5"]
[White "Vokarev,S"]
[Black "Tolstikh,N"]
[Result "1-0"]
[WhiteElo "2502"]
[BlackElo "2381"]

1.e4 c5 2.Nf3 Nc6 3.d4 cxd4 4.Nxd4 Nf6 5.Nc3 d6 6.Bg5 e6 7.Qd2 a6 8.O-O-O Bd7
9.f3 Be7 10.h4 Qc7 11.g4 O-O-O 12.Be3 Kb8 13.g5 Nh5 14.Qf2 Rc8 15.Ndb5 Qd8
16.Nxd6 Bxd6 17.Rxd6 Qc7 18.Rd2 Ne5 19.Kb1 f6 20.Be2 Be8 21.f4 Nc4 22.Bxc4 Qxc4
23.f5 Bf7 24.fxe6 Bxe6 25.Qf3 Bf7 26.Rhd1 fxg5 27.Rd4 Qe6 28.Rd6 Qe8 29.hxg5 Rf8
30.Qg4 g6 31.a3 Bg8 32.Qe2 Bc4 33.Qd2 Qe5 34.Bg1 Rf3 35.Rd8 Be6 36.Bh2 Ng3
37.Ne2 Ka7 38.Nxg3 Rxg3 39.Bxg3 Qxg3 40.Qd4+ Ka8 41.Qh8 Qc7 42.Rxc8+ Bxc8
43.Rd8 Kb8 44.Qf8 Qc4 45.b3 Qc3 46.Qd6+ Ka8 47.e5 a5 48.a4 b5 49.axb5  1-0

[Event "XXX Nezhmetdinov Mem"]
[Site "Kazan RUS"]
[Date "2008.06.05"]
[Round "5"]
[White "Bezgodova,M"]
[Black "Rodchenkov,S"]
[Result "1/2-1/2"]
[WhiteElo "2078"]
[BlackElo "2359"]

1.e4 c5 2.Nf3 Nc6 3.d4 cxd4 4.Nxd4 Nf6 5.Nc3 d6 6.Bg5 e6 7.Qd2 h6 8.Bh4 Nxe4
9.Qf4 Nf6 10.Bxf6 Qxf6 11.Qxf6 gxf6 12.Ndb5 Ke7 13.O-O-O d5 14.g3 Bg7 15.Bh3 Rd8
16.Rhe1 Kf8 17.f4 f5 18.Ne2 a6 19.Nbd4 Bd7 20.g4 fxg4 21.Bxg4 Rac8 22.Kb1 Nxd4
23.Nxd4 Bxd4 24.Rxd4 Rc4 25.c3 Rxd4 26.cxd4 Kg7 27.Rc1 Rc8 28.Rxc8 Bxc8 29.Kc2 Kf6
30.Kd3 Ke7 31.Ke3 Bd7 32.Bf3 Kd6 33.Bg4 f6 34.b3 Be8 35.Be2 Bg6 36.Bd1 a5
37.a3 Bf5 38.Kd2 Be4 39.Ke3 b6 40.Kd2 e5 41.Ke3 Ke6 42.Bg4+ Kd6 43.Bd1 Bb1
44.b4 axb4 45.axb4 Ba2 46.Ba4 Ke6 47.Be8 exd4+ 48.Kxd4 Kf5 49.Ke3 d4+ 50.Kxd4 Kxf4
51.Bc6 Be6 52.Bg2 h5 53.Kd3 h4 54.Ke2 Bg4+ 55.Kf2 Ke5 56.Bc6 Kd4 57.Kg2 Kc4
58.b5 Kc5 59.Be8 Kd4 60.Kf2 Ke4 61.Bc6+ Kf4 62.Be8 Bf3 63.Bc6 Be4 64.Bd7 Ke5
65.Be8 f5 66.Bd7 f4 67.Be8 Kd6 68.Ke2 Kc5 69.Bd7 Bd5 70.Kf2 Bc4 71.Kf3 Bxb5
72.Bh3 Kd6 73.Kxf4 Bd7 74.Bf1 h3  1/2-1/2

[Event "TCh-BIH w"]
[Site "Neum BIH"]
[Date "2008.06.05"]
[Round "2"]
[White "Hadziselimovic,M"]
[Black "Madl,I"]
[Result "0-1"]
[WhiteElo "1698"]
[BlackElo "2379"]

1.e4 c5 2.Nf3 Nc6 3.d4 cxd4 4.Nxd4 Nf6 5.Nc3 d6 6.Bg5 e6 7.Qd2 a6 8.a4 h6
9.Be3 Ng4 10.O-O-O Nxe3 11.Qxe3 Qg5 12.Qxg5 hxg5 13.g3 Bd7 14.f4 Nxd4 15.Rxd4 gxf4
16.gxf4 Rh4 17.Ne2 e5 18.fxe5 dxe5 19.Rc4 b5 20.Rc3 b4 21.Re3 Bxa4 22.b3 Bc6
23.Ng3 g6 24.Bg2 Bh6 25.Kd2 Bb5 26.Bf1 Bxf1 27.Nxf1 Rxe4 28.Rg1 Rc8 29.Rg3 Rc3
30.Rh3 Bxe3+ 31.Nxe3 Rcxe3 32.Rxe3 Rxe3 33.Kxe3 f5 34.h3 Kd7 35.Kf3 Kd6 36.Ke3 Kd5
37.Kd3 f4 38.h4 e4+ 39.Ke2 Kd4 40.Kd2 f3  0-1

[Event "XVI Lasker Mem Open A"]
[Site "Barlinek POL"]
[Date "2008.06.06"]
[Round "7"]
[White "Siwiec,A"]
[Black "Dragun,K"]
[Result "1-0"]
[WhiteElo "2067"]
[BlackElo "2229"]

1.e4 c5 2.Nf3 d6 3.d4 cxd4 4.Nxd4 Nf6 5.Nc3 Nc6 6.Bg5 e6 7.Qd2 a6 8.O-O-O Be7
9.f4 Bd7 10.Nf3 h6 11.Bh4 g5 12.fxg5 Ng4 13.Rg1 Nge5 14.Be2 b5 15.Rdf1 Qa5
16.g6 fxg6 17.Bxe7 Kxe7 18.Nxe5 Nxe5 19.Nd5+  1-0

[Event "58th ch-RUS w HL"]
[Site "Chelyabinsk RUS"]
[Date "2008.06.06"]
[Round "3"]
[White "Bodnaruk,A"]
[Black "Charochkina,D"]
[Result "1/2-1/2"]
[WhiteElo "2347"]
[BlackElo "2361"]

1.e4 c5 2.Nf3 d6 3.d4 cxd4 4.Nxd4 Nf6 5.Nc3 Nc6 6.Bg5 e6 7.Qd2 Be7 8.O-O-O O-O
9.f3 Nxd4 10.Qxd4 Qa5 11.h4 h6 12.Bd2 Qc5 13.Qxc5 dxc5 14.Be3 Nd7 15.f4 a6
16.a4 b6 17.g4 Rd8 18.g5 Bb7 19.Be2 Nf8 20.Rhg1 hxg5 21.hxg5 Ng6 22.b3 Bd6
23.Rdf1 Bf8 24.Rg3 Ne7 25.f5 exf5 26.exf5 g6 27.Bg4 gxf5 28.Bxf5 Nxf5 29.Rxf5 Rd6
30.Bf4 Re6 31.Nd5 Bxd5 32.Rxd5 Bg7 33.Bd2 Rae8 34.a5 Rc8 35.axb6 Rxb6 36.c4 Re6
37.Rf3 Rc7 38.Ba5 Rc8 39.Rd7 Re5 40.Bd8 Bh8 41.Rfxf7 Rxd8 42.Rxd8+ Kxf7 43.Rxh8 Rxg5
44.Rh6 a5 45.Ra6 a4 46.Rxa4 Ke6 47.Ra8 Kd6 48.Rd8+ Kc6 49.Kc2 Rg2+ 50.Kc3 Rg3+
51.Rd3 Rg6 52.Rf3 Rh6 53.Rd3 Rh2 54.Rd2 Rh3+ 55.Rd3 Rh2 56.Rd5 Rh3+ 57.Kb2 Rh2+
58.Kc3 Rh3+ 59.Kc2 Rh2+ 60.Rd2 Rh3 61.Kb2 Rh8 62.Rf2 Rh6 63.Ka3 Kb6 64.Ka4 Ka6
65.Rf5 Kb6 66.Rf8 Rc6 67.Rb8+ Kc7 68.Kb5 Rh6 69.Rg8 Rb6+ 70.Kxc5 Rxb3 71.Rg7+ Kb8
72.Kc6 Rh3 73.Rg8+ Ka7 74.Rd8 Rh6+ 75.Rd6 Rh1 76.c5 Rc1 77.Rd7+ Kb8 78.Rd8+ Ka7
79.Re8 Rc2 80.Kd6 Kb7 81.Re7+ Kb8 82.Kc6 Rc1 83.Re8+ Ka7 84.Rc8 Rh1 85.Rd8 Rc1
86.Rd5 Rc2 87.Kc7 Rh2 88.c6 Rh7+ 89.Rd7 Rh8 90.Rf7 Rg8 91.Rh7 Rf8 92.Kd6+ Kb8
93.Rb7+ Kc8 94.Ra7 Rf6+ 95.Kc5 Rf1  1/2-1/2